Letecká doprava v Evropě po 1. lednu 1993.
Situácia po uzavretí dohody medzi ministrami dopravy ES, ktorá znamená podstatné uvoľnenie trhu leteckej dopravy v členských krajinách Európskych spoločenstiev. Dochádza k uvoľneniu tvorby cien v európskej leteckej doprave, k úplnému uvoľneniu prístupu na trh a k liberálnejším podmienkam nových lete...
Salvato in:
| Autore principale: | |
|---|---|
| Natura: | Capitolo di libro |
| Lingua: | ceco |
| Soggetti: | |
| Tags: |
Nessun Tag, puoi essere il primo ad aggiungerne!!
|
MARC
| LEADER | 00000naa a2200000 4500 | ||
|---|---|---|---|
| 001 | r011826 | ||
| 005 | 20220826094546.1 | ||
| 041 | 0 | |a cze | |
| 044 | |a [CS] | ||
| 245 | 1 | 0 | |a Letecká doprava v Evropě po 1. lednu 1993. |c Jiří Matoušek |
| 520 | |a Situácia po uzavretí dohody medzi ministrami dopravy ES, ktorá znamená podstatné uvoľnenie trhu leteckej dopravy v členských krajinách Európskych spoločenstiev. Dochádza k uvoľneniu tvorby cien v európskej leteckej doprave, k úplnému uvoľneniu prístupu na trh a k liberálnejším podmienkam nových leteckých spoločností pre vstup na trh. | ||
| 610 | 2 | 0 | |a doprava letecká |
| 610 | 2 | 0 | |a Európske spoločenstvá |
| 610 | 2 | 0 | |a Európa |
| 610 | 2 | 0 | |a liberalizácia |
| 610 | 2 | 0 | |a ceny |
| 610 | 2 | 0 | |a spoločnosti letecké |
| 610 | 2 | 0 | |a 1993 |
| 100 | 1 | |a Matoušek, Jiří | |